| 000 | 00409nam a2200157Ia 4500 | ||
|---|---|---|---|
| 008 | 230711s9999||||xx |||||||||||||| ||und|| | ||
| 041 | _aENG | ||
| 082 |
_a621 _bLA-A |
||
| 100 | _aLangsdorf,AS | ||
| 245 | 0 | _aTheory of alternating current machinery | |
| 250 | _a1st . Ed. | ||
| 260 |
_c1974 _aNew Delhi _bTata McGraw Hill Education Limited |
||
| 300 | _a666 | ||
| 650 | _aElectrical Engineering | ||
| 942 | _cBK | ||
| 999 |
_c1883 _d1883 |
||